00450nam a2200133 a 4500008004100000020001800041050001600059100002300075245007000098260004800168300003500216350001000251650005500261200807s2019 ||||||||||||||||| || u a9781108493208 aHV 9950 Dav aDavis, Frederick T10aAmerican Criminal Justice: An introductioncBy Frederick T. Davis aCambridgebCambridge University Pressc2019 axii, 165 pages : illustrations a70.36 0aCRIMINAL JUSTICE, ADMINISTRATION OF--UNITED STATES